000 00663nam a2200193 a 4500
001 000019223
005 20200929165944.0
008 100528s1939 sp 000 0 spa d
040 _aDO-SdBNP
_bspa
_cBNPHU
082 _annnn
_bA555f
100 1 _aAndré, Marius,
_d1868-1927
_921153
245 1 3 _aEl fin del imperio Español en América /
_cMarius André ; prólogo de E. Vegas Latapié.
260 _aBarcelona :
_bCultura Española,
_c1939.
300 _a201 p. ;
_c18 cm.
504 _aIncluye referencias bibliográficas y notas al pie de las páginas.
700 1 _aVegas Latapié, E.,
_epról.
_941354
910 _aCatalogación original
049 _aBNGR
999 _c18741
_d18741